[Event "DEM U10w 2021"]
[Site "Willingen GER"]
[Date "2021.08.26"]
[Round "6"]
[White "Wartenberg, Adelia"]
[Black "Borck, Elena"]
[Result "1-0"]
[Termination "normal"]
[Board "19"]
[WhiteElo "791"]
[BlackElo "775"]
[WhiteClock "01:17:49"]
[BlackClock "01:16:40"]
[PlyCount "29"]
[WhiteFideId "34601830"]
[BlackFideId "16275446"]
[EventCountry "GER"]
[EventRounds "11"]
[EventType "swiss"]
[EventDate "2021.08.22"]

1. e4 {[%clk 01:15:56]} {[%emt 00:00:02]} d6 {[%clk 01:15:53]} {[%emt
00:00:09]} 2. d4 {[%clk 01:16:20]} {[%emt 00:00:05]} Nf6 {[%clk 01:16:12]}
{[%emt 00:00:12]} 3. Nc3 {[%clk 01:16:42]} {[%emt 00:00:06]} g6 {[%clk
01:16:33]} {[%emt 00:00:09]} 4. f3 {[%clk 01:16:53]} {[%emt 00:00:17]} Bg7
{[%clk 01:16:54]} {[%emt 00:00:12]} 5. Be3 {[%clk 01:17:06]} {[%emt 00:00:16]}
O-O {[%clk 01:17:12]} {[%emt 00:00:13]} 6. Qd2 {[%clk 01:17:30]} {[%emt
00:00:06]} Nc6 {[%clk 01:17:22]} {[%emt 00:00:20]} 7. Bh6 {[%clk 01:17:48]}
{[%emt 00:00:12]} e6 {[%clk 01:17:36]} {[%emt 00:00:17]} 8. g4 {[%clk
01:18:02]} {[%emt 00:00:15]} d5 {[%clk 01:17:48]} {[%emt 00:00:18]} 9. h4
{[%emt 00:01:56]} b6 {[%clk 01:17:40]} {[%emt 00:00:36]} 10. h5 {[%clk
01:16:50]} {[%emt 00:00:19]} Bb7 {[%clk 01:17:10]} {[%emt 00:00:59]} 11. hxg6
{[%clk 01:17:01]} {[%emt 00:00:20]} fxg6 {[%clk 01:17:25]} {[%emt 00:00:15]}
12. Bxg7 {[%clk 01:17:17]} {[%emt 00:00:14]} Kxg7 {[%clk 01:17:41]} {[%emt
00:00:14]} 13. Qh6+ {[%clk 01:17:37]} {[%emt 00:00:10]} Kg8 {[%clk 01:16:56]}
{[%emt 00:01:15]} 14. g5 {[%clk 01:17:49]} {[%emt 00:00:17]} Ne8 {[%clk
01:16:40]} {[%emt 00:00:47]} 15. Qxh7# {[%emt 00:00:16]} 1-0

[Event "DEM U10w 2021"]
[Site "Willingen GER"]
[Date "2021.08.26"]
[Round "7"]
[White "Czäczine, Paula"]
[Black "Meier, Viktoria"]
[Result "1-0"]
[Termination "normal"]
[Board "1"]
[WhiteElo "1127"]
[BlackElo "1280"]
[WhiteClock "00:03:24"]
[BlackClock "00:53:37"]
[PlyCount "119"]
[WhiteFideId "16249305"]
[BlackFideId "34678298"]
[EventCountry "GER"]
[EventRounds "11"]
[EventType "swiss"]
[EventDate "2021.08.22"]

1. e4 {[%clk 01:15:55]} {[%emt 00:00:04]} d6 {[%clk 01:15:57]} {[%emt
00:00:04]} 2. d4 {[%clk 01:16:06]} {[%emt 00:00:19]} Nf6 {[%clk 01:16:20]}
{[%emt 00:00:06]} 3. Nc3 {[%clk 01:16:22]} {[%emt 00:00:15]} Nbd7 {[%clk
01:16:43]} {[%emt 00:00:07]} 4. Nf3 {[%clk 01:16:23]} {[%emt 00:00:29]} e5
{[%clk 01:17:00]} {[%emt 00:00:12]} 5. Bc4 {[%clk 01:16:05]} {[%emt 00:00:47]}
Be7 {[%clk 01:17:06]} {[%emt 00:00:26]} 6. a4 {[%clk 01:15:59]} {[%emt
00:00:36]} O-O {[%clk 01:17:21]} {[%emt 00:00:14]} 7. O-O {[%clk 01:14:19]}
{[%emt 00:02:10]} c6 {[%clk 01:17:37]} {[%emt 00:00:15]} 8. Qe2 {[%clk
01:12:25]} {[%emt 00:02:24]} b6 {[%clk 01:17:39]} {[%emt 00:00:28]} 9. Rd1
{[%clk 01:10:41]} {[%emt 00:02:13]} Qc7 {[%clk 01:17:10]} {[%emt 00:00:59]} 10.
Ba2 {[%clk 01:09:56]} {[%emt 00:01:16]} Bb7 {[%clk 01:17:12]} {[%emt 00:00:28]}
11. Nh4 {[%clk 01:07:45]} {[%emt 00:02:40]} Rfe8 {[%clk 01:16:04]} {[%emt
00:01:39]} 12. Nf5 {[%clk 01:04:39]} {[%emt 00:03:36]} Bf8 {[%clk 01:15:39]}
{[%emt 00:00:55]} 13. d5 {[%clk 00:45:32]} {[%emt 00:19:37]} a5 {[%clk
01:13:07]} {[%emt 00:03:02]} 14. Bc4 {[%clk 00:39:20]} {[%emt 00:06:42]} Rec8
{[%clk 01:09:21]} {[%emt 00:04:16]} 15. Qf3 {[%clk 00:35:23]} {[%emt 00:04:27]}
cxd5 {[%clk 01:08:42]} {[%emt 00:01:08]} 16. Bxd5 {[%clk 00:35:40]} {[%emt
00:00:13]} Nxd5 {[%clk 01:08:19]} {[%emt 00:00:53]} 17. exd5 {[%clk 00:35:53]}
{[%emt 00:00:18]} Nf6 {[%clk 01:07:16]} {[%emt 00:01:33]} 18. Bg5 {[%clk
00:33:44]} {[%emt 00:02:38]} Be7 {[%clk 01:06:21]} {[%emt 00:01:25]} 19. Nb5
{[%clk 00:32:10]} {[%emt 00:02:05]} Qd7 {[%clk 01:01:59]} {[%emt 00:04:52]} 20.
Nxe7+ {[%clk 00:30:49]} {[%emt 00:01:51]} Qxe7 {[%clk 01:02:05]} {[%emt
00:00:24]} 21. Bxf6 {[%clk 00:31:03]} {[%emt 00:00:16]} gxf6 {[%clk 01:00:47]}
{[%emt 00:01:48]} 22. c3 {[%clk 00:30:21]} {[%emt 00:01:11]} Ba6 {[%clk
00:59:14]} {[%emt 00:02:04]} 23. Qe3 {[%clk 00:28:40]} {[%emt 00:02:10]} Bxb5
{[%clk 00:58:31]} {[%emt 00:01:14]} 24. axb5 {[%clk 00:28:59]} {[%emt
00:00:10]} Rc5 {[%clk 00:57:52]} {[%emt 00:01:10]} 25. Qe2 {[%clk 00:24:44]}
{[%emt 00:04:44]} Kf8 {[%clk 00:57:31]} {[%emt 00:00:51]} 26. Qh5 {[%clk
00:23:32]} {[%emt 00:01:42]} Rxb5 {[%clk 00:57:19]} {[%emt 00:00:43]} 27. Qxh7
{[%clk 00:23:48]} {[%emt 00:00:13]} Ke8 {[%clk 00:57:44]} {[%emt 00:00:06]} 28.
Qh8+ {[%clk 00:23:45]} {[%emt 00:00:33]} Qf8 {[%clk 00:57:52]} {[%emt
00:00:22]} 29. Qxf6 {[%clk 00:23:48]} {[%emt 00:00:27]} Rxb2 {[%clk 00:58:02]}
{[%emt 00:00:19]} 30. Ra4 {[%clk 00:23:07]} {[%emt 00:01:11]} Qe7 {[%clk
00:58:04]} {[%emt 00:00:29]} 31. Qh8+ {[%clk 00:22:55]} {[%emt 00:00:42]} Qf8
{[%clk 00:58:28]} {[%emt 00:00:06]} 32. Rh4 {[%clk 00:23:10]} {[%emt 00:00:14]}
Kd7 {[%clk 00:58:01]} {[%emt 00:00:57]} 33. Qf6 {[%clk 00:21:20]} {[%emt
00:02:19]} Qe7 {[%clk 00:55:42]} {[%emt 00:02:50]} 34. Qf5+ {[%clk 00:21:14]}
{[%emt 00:00:36]} Kc7 {[%clk 00:55:48]} {[%emt 00:00:25]} 35. Rc4+ {[%clk
00:20:43]} {[%emt 00:01:00]} Kb7 {[%clk 00:54:51]} {[%emt 00:01:28]} 36. Rb1
{[%clk 00:19:08]} {[%emt 00:02:04]} Rxb1+ {[%clk 00:54:21]} {[%emt 00:01:01]}
37. Qxb1 {[%clk 00:19:29]} {[%emt 00:00:09]} a4 {[%clk 00:54:35]} {[%emt
00:00:16]} 38. h4 {[%clk 00:15:47]} {[%emt 00:04:12]} a3 {[%clk 00:54:50]}
{[%emt 00:00:15]} 39. Qa2 {[%clk 00:15:56]} {[%emt 00:00:20]} f5 {[%clk
00:53:40]} {[%emt 00:01:41]} 40. Rb4 {[%clk 00:14:37]} {[%emt 00:01:49]} Qg7
{[%clk 00:52:41]} {[%emt 00:01:30]} 41. Rb3 {[%clk 00:14:01]} {[%emt 00:01:05]}
Qh6 {[%clk 00:52:49]} {[%emt 00:00:21]} 42. h5 {[%clk 00:12:01]} {[%emt
00:02:29]} e4 {[%clk 00:52:22]} {[%emt 00:00:58]} 43. Qa1 {[%clk 00:07:14]}
{[%emt 00:05:17]} Qxh5 {[%clk 00:52:38]} {[%emt 00:00:15]} 44. Rxa3 {[%clk
00:07:24]} {[%emt 00:00:20]} Rxa3 {[%clk 00:53:03]} {[%emt 00:00:06]} 45. Qxa3
{[%clk 00:07:46]} {[%emt 00:00:07]} Qd1+ {[%clk 00:53:22]} {[%emt 00:00:11]}
46. Kh2 {[%clk 00:08:09]} {[%emt 00:00:07]} Qxd5 {[%clk 00:53:37]} {[%emt
00:00:14]} 47. Kg3 {[%clk 00:05:28]} {[%emt 00:03:11]} Qc5 {[%clk 00:53:05]}
{[%emt 00:01:02]} 48. Qxc5 {[%clk 00:02:13]} {[%emt 00:03:45]} dxc5 {[%clk
00:53:26]} {[%emt 00:00:10]} 49. Kf4 {[%clk 00:02:35]} {[%emt 00:00:07]} b5
{[%clk 00:53:48]} {[%emt 00:00:09]} 50. Kxf5 {[%clk 00:02:55]} {[%emt
00:00:09]} b4 {[%clk 00:54:00]} {[%emt 00:00:19]} 51. Kxe4 {[%clk 00:03:14]}
{[%emt 00:00:11]} b3 {[%clk 00:52:35]} {[%emt 00:01:55]} 52. Kd3 {[%clk
00:03:30]} {[%emt 00:00:14]} Ka6 {[%clk 00:52:33]} {[%emt 00:00:31]} 53. c4
{[%clk 00:03:23]} {[%emt 00:00:37]} Ka5 {[%clk 00:52:52]} {[%emt 00:00:12]} 54.
Kc3 {[%clk 00:02:33]} {[%emt 00:01:19]} Ka4 {[%clk 00:53:14]} {[%emt 00:00:09]}
55. Kb2 {[%clk 00:02:19]} {[%emt 00:00:43]} Kb4 {[%clk 00:53:32]} {[%emt
00:00:13]} 56. g4 {[%clk 00:02:15]} {[%emt 00:00:34]} Kxc4 {[%clk 00:53:43]}
{[%emt 00:00:19]} 57. g5 {[%clk 00:02:35]} {[%emt 00:00:09]} Kd5 {[%clk
00:52:46]} {[%emt 00:01:28]} 58. Kxb3 {[%clk 00:02:46]} {[%emt 00:00:18]} Ke5
{[%clk 00:53:12]} {[%emt 00:00:05]} 59. Kc4 {[%clk 00:03:00]} {[%emt 00:00:16]}
Kf5 {[%clk 00:53:37]} {[%emt 00:00:04]} 60. f4 {[%clk 00:03:24]} {[%emt
00:00:07]} 1-0

[Event "DEM U10w 2021"]
[Site "Willingen GER"]
[Date "2021.08.26"]
[Round "7"]
[White "Bakó, Isabella"]
[Black "Wagner, Cosima"]
[Result "1-0"]
[Termination "normal"]
[Board "2"]
[WhiteElo "1173"]
[BlackElo "1110"]
[WhiteClock "00:47:48"]
[BlackClock "00:39:44"]
[PlyCount "99"]
[WhiteFideId "16287266"]
[BlackFideId "34603484"]
[EventCountry "GER"]
[EventRounds "11"]
[EventType "swiss"]
[EventDate "2021.08.22"]

1. d4 {[%clk 01:15:58]} {[%emt 00:00:01]} Nf6 {[%clk 01:15:52]} {[%emt
00:00:09]} 2. Nf3 {[%clk 01:16:16]} {[%emt 00:00:11]} g6 {[%clk 01:16:12]}
{[%emt 00:00:11]} 3. Nc3 {[%clk 01:15:43]} {[%emt 00:01:03]} d6 {[%clk
01:16:23]} {[%emt 00:00:18]} 4. e4 {[%clk 01:16:01]} {[%emt 00:00:12]} Bg7
{[%clk 01:16:22]} {[%emt 00:00:32]} 5. Be3 {[%clk 01:16:08]} {[%emt 00:00:23]}
Nc6 {[%clk 01:16:09]} {[%emt 00:00:43]} 6. Qd2 {[%clk 01:12:34]} {[%emt
00:04:03]} e5 {[%clk 01:14:37]} {[%emt 00:02:02]} 7. dxe5 {[%clk 01:11:35]}
{[%emt 00:01:29]} dxe5 {[%clk 01:14:54]} {[%emt 00:00:13]} 8. Qxd8+ {[%clk
01:11:49]} {[%emt 00:00:16]} Kxd8 {[%clk 01:15:12]} {[%emt 00:00:12]} 9. O-O-O+
{[%clk 01:11:13]} {[%emt 00:01:06]} Ke7 {[%clk 01:14:16]} {[%emt 00:01:26]} 10.
Bc5+ {[%clk 01:09:18]} {[%emt 00:02:26]} Ke8 {[%clk 01:12:50]} {[%emt
00:01:56]} 11. Bc4 {[%clk 01:05:41]} {[%emt 00:04:06]} Bd7 {[%clk 01:00:38]}
{[%emt 00:12:43]} 12. Ng5 {[%clk 01:02:10]} {[%emt 00:04:01]} Bh6 {[%clk
01:00:33]} {[%emt 00:00:35]} 13. Bxf7+ {[%clk 01:02:15]} {[%emt 00:00:24]} Kd8
{[%clk 01:00:06]} {[%emt 00:00:58]} 14. h4 {[%clk 01:01:35]} {[%emt 00:01:10]}
Kc8 {[%clk 00:54:58]} {[%emt 00:05:39]} 15. Kb1 {[%clk 00:59:09]} {[%emt
00:02:55]} b6 {[%clk 00:53:57]} {[%emt 00:01:30]} 16. Ba3 {[%clk 00:58:27]}
{[%emt 00:01:12]} Kb7 {[%emt 00:04:09]} 17. f3 {[%clk 00:54:27]} {[%emt
00:04:26]} Nd4 {[%clk 00:47:01]} {[%emt 00:03:52]} 18. Nd5 {[%clk 00:53:08]}
{[%emt 00:01:49]} Nxd5 {[%clk 00:46:36]} {[%emt 00:00:54]} 19. Bxd5+ {[%clk
00:53:17]} {[%emt 00:00:21]} c6 {[%clk 00:45:46]} {[%emt 00:01:20]} 20. Bb3
{[%clk 00:49:35]} {[%emt 00:04:12]} Rhe8 {[%clk 00:41:57]} {[%emt 00:04:18]}
21. Bf7 {[%clk 00:46:32]} {[%emt 00:03:34]} Red8 {[%clk 00:39:42]} {[%emt
00:02:45]} 22. Be7 {[%clk 00:46:29]} {[%emt 00:00:34]} Rdc8 {[%clk 00:39:15]}
{[%emt 00:00:57]} 23. c3 {[%clk 00:45:54]} {[%emt 00:01:04]} Rc7 {[%clk
00:37:57]} {[%emt 00:01:48]} 24. cxd4 {[%clk 00:45:33]} {[%emt 00:00:51]} Bc8
{[%clk 00:36:36]} {[%emt 00:01:52]} 25. Bd6 {[%clk 00:45:38]} {[%emt 00:00:25]}
Rd7 {[%clk 00:36:30]} {[%emt 00:00:33]} 26. dxe5 {[%clk 00:44:58]} {[%emt
00:01:12]} Bxg5 {[%clk 00:36:42]} {[%emt 00:00:18]} 27. Be6 {[%clk 00:44:39]}
{[%emt 00:00:50]} Rxd6 {[%clk 00:36:45]} {[%emt 00:00:27]} 28. Rxd6 {[%clk
00:44:51]} {[%emt 00:00:18]} Bxe6 {[%clk 00:36:40]} {[%emt 00:00:26]} 29. Rxe6
{[%clk 00:44:59]} {[%emt 00:00:30]} Bf4 {[%clk 00:36:29]} {[%emt 00:00:41]} 30.
Rd1 {[%clk 00:45:01]} {[%emt 00:00:28]} Rc8 {[%clk 00:35:35]} {[%emt 00:01:23]}
31. Rd7+ {[%clk 00:44:42]} {[%emt 00:00:50]} Rc7 {[%clk 00:35:30]} {[%emt
00:00:36]} 32. Rxc7+ {[%clk 00:45:03]} {[%emt 00:00:08]} Kxc7 {[%clk 00:35:55]}
{[%emt 00:00:06]} 33. Re7+ {[%clk 00:45:21]} {[%emt 00:00:12]} Kb8 {[%clk
00:36:07]} {[%emt 00:00:18]} 34. Rxh7 {[%clk 00:45:22]} {[%emt 00:00:28]} Bxe5
{[%clk 00:36:22]} {[%emt 00:00:14]} 35. h5 {[%clk 00:45:09]} {[%emt 00:00:45]}
gxh5 {[%clk 00:36:35]} {[%emt 00:00:16]} 36. Rxh5 {[%clk 00:45:28]} {[%emt
00:00:11]} Bc7 {[%clk 00:36:32]} {[%emt 00:00:34]} 37. g4 {[%clk 00:45:21]}
{[%emt 00:00:37]} Kc8 {[%clk 00:36:23]} {[%emt 00:00:39]} 38. g5 {[%clk
00:44:57]} {[%emt 00:00:53]} Kb7 {[%clk 00:36:10]} {[%emt 00:00:44]} 39. Rh7
{[%clk 00:45:13]} {[%emt 00:00:13]} Kb8 {[%clk 00:36:30]} {[%emt 00:00:10]} 40.
Rxc7 {[%clk 00:45:08]} {[%emt 00:00:35]} Kxc7 {[%emt 00:00:21]} 41. g6 {[%clk
00:45:34]} {[%emt 00:00:04]} Kb8 {[%clk 00:36:59]} {[%emt 00:00:11]} 42. g7
{[%clk 00:45:59]} {[%emt 00:00:05]} Kb7 {[%clk 00:37:19]} {[%emt 00:00:10]} 43.
g8=Q {[%clk 00:46:04]} {[%emt 00:00:24]} a6 {[%clk 00:37:40]} {[%emt 00:00:10]}
44. f4 {[%clk 00:46:20]} {[%emt 00:00:14]} a5 {[%clk 00:38:02]} {[%emt
00:00:08]} 45. f5 {[%clk 00:46:45]} {[%emt 00:00:04]} Ka6 {[%clk 00:38:12]}
{[%emt 00:00:21]} 46. f6 {[%clk 00:47:08]} {[%emt 00:00:07]} Kb7 {[%clk
00:38:36]} {[%emt 00:00:06]} 47. f7 {[%clk 00:47:34]} {[%emt 00:00:04]} Ka6
{[%clk 00:38:59]} {[%emt 00:00:07]} 48. f8=Q {[%clk 00:47:45]} {[%emt
00:00:16]} Kb7 {[%clk 00:39:23]} {[%emt 00:00:08]} 49. Qa8+ {[%clk 00:47:56]}
{[%emt 00:00:20]} Kc7 {[%clk 00:39:44]} {[%emt 00:00:09]} 50. Qgd8# {[%clk
00:47:48]} {[%emt 00:00:06]} 1-0

[Event "DEM U10w 2021"]
[Site "Willingen GER"]
[Date "2021.08.26"]
[Round "7"]
[White "Baihaghi, Aryana"]
[Black "Zhou, Leyi Charlotte"]
[Result "0-1"]
[Termination "normal"]
[Board "3"]
[WhiteElo "1265"]
[BlackElo "1100"]
[WhiteClock "00:27:01"]
[BlackClock "01:06:49"]
[PlyCount "80"]
[WhiteFideId "34604960"]
[BlackFideId "16258100"]
[EventCountry "GER"]
[EventRounds "11"]
[EventType "swiss"]
[EventDate "2021.08.22"]

1. e4 {[%clk 01:15:58]} {[%emt 00:00:01]} e5 {[%clk 01:15:57]} {[%emt
00:00:04]} 2. Nf3 {[%clk 01:16:23]} {[%emt 00:00:06]} Nc6 {[%clk 01:16:17]}
{[%emt 00:00:09]} 3. Bc4 {[%clk 01:16:40]} {[%emt 00:00:13]} Nf6 {[%clk
01:16:38]} {[%emt 00:00:09]} 4. Ng5 {[%clk 01:16:58]} {[%emt 00:00:12]} d5
{[%clk 01:16:54]} {[%emt 00:00:13]} 5. exd5 {[%clk 01:17:17]} {[%emt 00:00:11]}
b5 {[%clk 01:17:01]} {[%emt 00:00:23]} 6. Bxb5 {[%clk 01:14:18]} {[%emt
00:03:30]} Qxd5 {[%clk 01:15:40]} {[%emt 00:01:50]} 7. Nc3 {[%clk 01:13:48]}
{[%emt 00:01:01]} Qxg2 {[%clk 01:15:05]} {[%emt 00:01:05]} 8. Rf1 {[%clk
01:07:05]} {[%emt 00:07:13]} Bd7 {[%clk 01:14:34]} {[%emt 00:01:01]} 9. d3
{[%clk 01:02:15]} {[%emt 00:05:21]} Bc5 {[%clk 01:14:06]} {[%emt 00:00:57]} 10.
Qe2 {[%clk 01:00:29]} {[%emt 00:02:16]} O-O {[%clk 01:13:13]} {[%emt 00:01:24]}
11. Bd2 {[%clk 00:59:49]} {[%emt 00:01:09]} Nd4 {[%clk 01:12:59]} {[%emt
00:00:44]} 12. Qd1 {[%clk 00:58:02]} {[%emt 00:02:16]} Bxb5 {[%clk 01:12:04]}
{[%emt 00:01:25]} 13. Nxb5 {[%clk 00:58:05]} {[%emt 00:00:27]} Nxb5 {[%clk
01:12:17]} {[%emt 00:00:18]} 14. c3 {[%clk 00:58:09]} {[%emt 00:00:26]} Rad8
{[%clk 01:11:42]} {[%emt 00:01:05]} 15. Qc2 {[%clk 00:57:42]} {[%emt 00:00:57]}
Rfe8 {[%clk 01:11:30]} {[%emt 00:00:42]} 16. O-O-O {[%clk 00:55:45]} {[%emt
00:02:25]} Bxf2 {[%clk 01:10:19]} {[%emt 00:01:42]} 17. Kb1 {[%clk 00:52:29]}
{[%emt 00:03:46]} Rb8 {[%clk 01:09:25]} {[%emt 00:01:25]} 18. Ka1 {[%clk
00:51:23]} {[%emt 00:01:36]} Be3 {[%clk 01:08:37]} {[%emt 00:01:18]} 19. Qc1
{[%clk 00:47:39]} {[%emt 00:04:14]} Bxd2 {[%clk 01:06:58]} {[%emt 00:02:10]}
20. Rxd2 {[%clk 00:46:34]} {[%emt 00:01:34]} Qxg5 {[%clk 01:07:02]} {[%emt
00:00:26]} 21. Rg1 {[%clk 00:43:33]} {[%emt 00:03:30]} Qh6 {[%clk 01:07:00]}
{[%emt 00:00:33]} 22. Rg3 {[%clk 00:41:22]} {[%emt 00:02:39]} Rbd8 {[%clk
01:06:37]} {[%emt 00:00:55]} 23. Qd1 {[%clk 00:39:25]} {[%emt 00:02:26]} Ne4
{[%clk 01:05:55]} {[%emt 00:01:13]} 24. Rgg2 {[%clk 00:30:43]} {[%emt
00:09:12]} Nxd2 {[%clk 01:05:32]} {[%emt 00:00:53]} 25. Rxd2 {[%clk 00:31:09]}
{[%emt 00:00:03]} e4 {[%clk 01:05:45]} {[%emt 00:00:18]} 26. d4 {[%clk
00:30:50]} {[%emt 00:00:49]} e3 {[%clk 01:06:01]} {[%emt 00:00:14]} 27. Re2
{[%clk 00:31:00]} {[%emt 00:00:20]} c5 {[%clk 01:05:55]} {[%emt 00:00:37]} 28.
d5 {[%clk 00:30:28]} {[%emt 00:01:01]} Qh5 {[%clk 01:06:09]} {[%emt 00:00:17]}
29. a3 {[%clk 00:29:53]} {[%emt 00:01:04]} Rxd5 {[%clk 01:06:12]} {[%emt
00:00:27]} 30. Qe1 {[%clk 00:29:24]} {[%emt 00:00:59]} Red8 {[%clk 01:05:18]}
{[%emt 00:01:24]} 31. Ka2 {[%clk 00:27:41]} {[%emt 00:02:13]} Nxc3+ {[%clk
01:05:20]} {[%emt 00:00:28]} 32. bxc3 {[%clk 00:26:29]} {[%emt 00:01:42]} Qxe2+
{[%clk 01:05:39]} {[%emt 00:00:11]} 33. Qxe2 {[%emt 00:00:34]} Rd2+ {[%emt
00:00:07]} 34. Qxd2 {[%clk 00:25:48]} {[%emt 00:00:30]} Rxd2+ {[%clk 01:06:04]}
{[%emt 00:00:05]} 35. Kb3 {[%clk 00:25:31]} {[%emt 00:00:47]} e2 {[%clk
01:06:27]} {[%emt 00:00:06]} 36. Kc4 {[%clk 00:25:57]} {[%emt 00:00:05]} e1=Q
{[%clk 01:06:49]} {[%emt 00:00:08]} 37. Kxc5 {[%clk 00:26:19]} {[%emt
00:00:08]} Qe5+ {[%clk 01:06:49]} {[%emt 00:00:30]} 38. Kb4 {[%clk 00:26:27]}
{[%emt 00:00:23]} Qd6+ {[%clk 01:06:45]} {[%emt 00:00:33]} 39. Ka4 {[%clk
00:26:42]} {[%emt 00:00:15]} Rb2 {[%clk 01:06:57]} {[%emt 00:00:18]} 40. Ka5
{[%clk 00:27:01]} {[%emt 00:00:11]} Qxa3# {[%clk 01:06:49]} {[%emt 00:00:06]}
0-1